[Event "Challenge"]
[Site "http://www.queenalice.com/game.php?id=901074"]
[Date "2011.2.15"]
[Round "-"]
[White "irule"]
[Black "EdoVillarroel"]
[Result "1-0"]
[WhiteElo "2078"]
[BlackElo "1999"]

1. d4 e6 2. c4 Nf6 3. Nf3 Bb4+ 4. Bd2 Qe7 5. g3 Nc6 6. Bg2 Bxd2+ 7. Nbxd2 d6 8.
O-O a5 9. e4 e5 10. d5 Nb8 11. Ne1 O-O 12. Nd3 Na6 13. f4 Nd7 14. Re1 Nac5 15.
Nxc5 Nxc5 16. Re3 b6 17. Nf3 Ba6 18. b3 exf4 19. gxf4 Rfe8 20. e5 dxe5 21. fxe5
Rad8 22. Nd4 Qg5 23. Rg3 Qxe5 24. Nc6 1-0

[Event "Challenge"]
[Site "http://www.queenalice.com/game.php?id=904430"]
[Date "2011.2.23"]
[Round "-"]
[White "irule"]
[Black "davidg"]
[Result "0-1"]
[WhiteElo "2093"]
[BlackElo "2114"]

1. d4 d5 2. c4 e6 3. Nf3 h6 4. Bf4 Nf6 5. a3 Bd6 6. Bxd6 Qxd6 7. e3 O-O 8. Nbd2
b6 9. Bd3 Bb7 10. O-O Nbd7 0-1

[Event "Challenge"]
[Site "http://www.queenalice.com/game.php?id=907412"]
[Date "2011.3.2"]
[Round "-"]
[White "Einstein"]
[Black "irule"]
[Result "1-0"]
[WhiteElo "1910"]
[BlackElo "2053"]

1. d4 d5 2. c4 c6 3. Nf3 Nf6 4. e3 Bf5 5. cxd5 cxd5 6. Bd3 Bg4 7. O-O Nc6 8.
Nbd2 e5 9. dxe5 Nxe5 10. Qa4+ Ned7 11. Ne5 Be6 12. e4 Bc5 13. exd5 Bxd5 14. Nxd7
Qxd7 15. Bb5 Bc6 16. Bxc6 bxc6 17. Re1+ Be7 18. Nc4 O-O 19. Ne5 Qe8 20. Nxc6 Nd5
21. Nxe7+ Nxe7 22. Qh4 f6 23. Qc4+ Kh8 24. Be3 Qf7 25. Qxf7 Rxf7 26. Bc5 Nc6 27.
Rac1 Rd7 28. Rcd1 Rad8 29. Rxd7 1-0

[Event "Challenge"]
[Site "http://www.queenalice.com/game.php?id=907415"]
[Date "2011.3.2"]
[Round "-"]
[White "irule"]
[Black "Einstein"]
[Result "1-0"]
[WhiteElo "2077"]
[BlackElo "1975"]

1. d4 d5 2. c4 e5 3. dxe5 d4 4. Nf3 Nc6 5. Nbd2 f6 6. exf6 Nxf6 7. a3 Bf5 8. Nb3
d3 9. exd3 Qe7+ 10. Be2 O-O-O 11. O-O g6 12. Bg5 Bg7 13. Re1 h6 14. Bf1 Qf7 15.
d4 hxg5 16. Nxg5 Qd7 17. d5 Ne7 18. Nf7 Rh7 19. Nc5 Qe8 20. Nxd8 Qxd8 21. Qb3 b6
22. Ne6 Qd6 23. h3 Bh6 24. Rad1 Bg4 25. c5 Bxd1 26. Ba6+ Kb8 27. Rxd1 Qe5 28.
Bc4 Nexd5 29. Bxd5 Rd7 30. Bf3 Rxd1+ 31. Bxd1 Qe1+ 32. Kh2 Qxf2 33. Bf3 Be3 34.
Qd1 Ng4+ 35. Bxg4 Bf4+ 36. Nxf4 Qxf4+ 37. Kh1 bxc5 38. Qd8+ 1-0

[Event "Challenge"]
[Site "http://www.queenalice.com/game.php?id=909711"]
[Date "2011.3.7"]
[Round "-"]
[White "irule"]
[Black "sivic79"]
[Result "1-0"]
[WhiteElo "2091"]
[BlackElo "2067"]

1. d4 e6 2. e4 d5 3. e5 a6 4. Nf3 c5 5. c3 Nc6 6. Be3 cxd4 7. cxd4 Bb4+ 8. Nc3
Nge7 9. Be2 Bd7 10. O-O O-O 11. Bd3 Rc8 12. Bxh7+ Kxh7 13. Ng5+ Kg8 14. Qh5 1-0

[Event "Challenge"]
[Site "http://www.queenalice.com/game.php?id=910834"]
[Date "2011.3.10"]
[Round "-"]
[White "Joe_Boyd"]
[Black "irule"]
[Result "0-1"]
[WhiteElo "2020"]
[BlackElo "2056"]

1. e4 c5 2. Nf3 e6 3. d4 d5 4. Bg5 Qa5+ 5. Nc3 dxe4 6. dxc5 Bxc5 7. Nd4 Bxd4 8.
Qxd4 Qxg5 9. Nxe4 Nc6 10. Nd6+ Kf8 0-1

[Event "Challenge"]
[Site "http://www.queenalice.com/game.php?id=912025"]
[Date "2011.3.12"]
[Round "-"]
[White "irule"]
[Black "Larbac"]
[Result "1-0"]
[WhiteElo "2093"]
[BlackElo "1967"]

1. e4 e5 2. Nc3 Nf6 3. Bc4 Bc5 4. d3 O-O 5. Nf3 h6 6. Nxe5 d6 7. Ng6 Re8 8. O-O
a6 9. d4 Ba7 10. Qf3 Nc6 11. e5 Nxd4 12. Qf4 dxe5 13. Nxe5 Ne6 14. Qg3 g5 15.
Rd1 Qe7 16. Kh1 c6 17. f4 Nh5 18. Qd3 Nhg7 19. f5 Nd8 20. Ng4 Bxf5 21. Nxh6+ Kh8
22. Nxf5 1-0

[Event "AUTO-INT-1829"]
[Site "http://www.queenalice.com/game.php?id=917427"]
[Date "2011.3.25"]
[Round "2"]
[White "DDK"]
[Black "irule"]
[Result "0-1"]
[WhiteElo "1671"]
[BlackElo "2091"]

1. e4 c5 2. d4 cxd4 3. Qxd4 Nc6 4. Qd3 e5 5. Nf3 Nf6 6. Bg5 Be7 7. Qb3 Nxe4 8.
Bxe7 Qxe7 9. Bd3 Nf6 10. Bc4 h6 11. O-O O-O 12. Nbd2 Rd8 13. Nh4 d5 14. Bd3 Nd4
15. Qc3 Bd7 16. Qa3 Qxa3 17. bxa3 e4 18. Bxe4 dxe4 19. Rab1 Bc6 20. c3 Ne2+ 21.
Kh1 Rxd2 22. Nf5 Re8 23. Rbd1 Rxa2 24. Nd6 Rd8 25. Nc4 Rxd1 26. Rxd1 Nxc3 27.
Rd8+ Kh7 28. h3 Rxf2 29. Ne5 e3 30. Nd3 Rxg2 31. Nf4 Rf2+ 32. Kg1 Rxf4 0-1

[Event "AUTO-INT-1829"]
[Site "http://www.queenalice.com/game.php?id=917428"]
[Date "2011.3.25"]
[Round "2"]
[White "irule"]
[Black "DDK"]
[Result "1-0"]
[WhiteElo "2075"]
[BlackElo "1668"]

1. d4 d5 2. c4 c6 3. Nf3 Nf6 4. Nc3 dxc4 5. a4 e6 6. e4 Bb4 7. Qc2 Na6 8. Bxc4
O-O 9. O-O c5 10. e5 Nh5 11. Ng5 g6 12. g4 Ng7 13. Nce4 cxd4 14. Nf6+ Kh8 15.
Qb3 h6 16. Qh3 h5 17. Be2 Be7 18. gxh5 gxh5 19. Bxh5 Bxf6 20. Bxf7+ Nh5 21.
Qxh5+ 1-0

[Event "AUTO-INT-1829"]
[Site "http://www.queenalice.com/game.php?id=917431"]
[Date "2011.3.25"]
[Round "2"]
[White "Vinicius92"]
[Black "irule"]
[Result "0-1"]
[WhiteElo "1798"]
[BlackElo "2044"]

1. d4 d5 2. Nc3 e6 3. e4 Bb4 4. e5 c5 5. Be3 Nc6 6. Bb5 Ne7 7. Bg5 Qa5 8. Bxc6+
Nxc6 9. Ne2 cxd4 10. a3 Bxc3+ 11. bxc3 dxc3 12. Be3 O-O 13. Bd4 Nxd4 14. Qxd4
Bd7 15. Qxc3 Qxc3+ 16. Nxc3 Rac8 17. Kd2 Rc5 18. f4 Rfc8 19. Ne2 Rxc2+ 20. Ke3
Bb5 21. Rhe1 R8c4 22. Rab1 Re4+ 23. Kf3 Bxe2+ 24. Kg3 b6 25. Rb4 Rxb4 26. axb4
Rb2 27. Rc1 g6 28. Kh4 Rxb4 29. Kg5 Kg7 30. g3 h6+ 31. Kh4 g5+ 32. Kh3 g4+ 33.
Kh4 Rb2 34. h3 Bf3 35. Rh1 Bxh1 0-1

[Event "AUTO-INT-1829"]
[Site "http://www.queenalice.com/game.php?id=917432"]
[Date "2011.3.25"]
[Round "2"]
[White "irule"]
[Black "Vinicius92"]
[Result "1-0"]
[WhiteElo "2050"]
[BlackElo "1799"]

1. c4 c5 2. Nf3 Nc6 3. e3 g6 4. d4 d5 5. dxc5 Qa5+ 6. Bd2 Qxc5 7. cxd5 Qxd5 8.
Nc3 Qd8 9. Qb3 e6 10. O-O-O Bg7 11. Ne4 Nge7 12. Bc3 Qc7 13. Bxg7 Nd4+ 14. Qc3
Qxc3+ 15. Nxc3 Rg8 16. Bxd4 a6 17. Bb6 Kf8 18. Rd8+ Kg7 19. Bd4+ f6 20. Rxg8+
Nxg8 21. e4 b5 22. e5 f5 23. Be3 Bb7 24. Nd4 Kf7 25. h4 h5 26. Bg5 Rc8 27. Kb1
b4 28. Nce2 Be4+ 29. Ka1 Ne7 30. Bd2 Nd5 31. Rh3 a5 32. Nb5 Rc2 33. Nd6+ Ke7 34.
Nxe4 fxe4 35. Bg5+ Kd7 36. Kb1 Rc5 37. Ng3 Nb6 38. Nxe4 Rxe5 39. Nf6+ Kc6 40.
Bd3 Na4 41. Bxg6 Re2 42. Be4+ Kd6 43. Rd3+ Ke7 44. Nxh5+ Kf7 45. Rf3+ Ke8 46.
Bc6# 1-0

[Event "AUTO-INT-1829"]
[Site "http://www.queenalice.com/game.php?id=917433"]
[Date "2011.3.25"]
[Round "2"]
[White "RJGF"]
[Black "irule"]
[Result "1/2-1/2"]
[WhiteElo "1831"]
[BlackElo "2076"]

1. d4 c6 2. e4 d5 3. exd5 cxd5 4. c4 Nf6 5. Nc3 g6 6. Nf3 Bg4 7. cxd5 Nxd5 8.
Bc4 Be6 9. Qb3 Nxc3 10. Bxe6 fxe6 11. bxc3 Qd7 12. Ne5 Qc8 13. O-O Bg7 14. Qb5+
Nc6 15. Nxc6 bxc6 16. Qc5 Qc7 17. Bg5 Bf6 18. Be3 O-O 19. Rfe1 e5 20. dxe5 Bxe5
21. Bd4 Bxh2+ 22. Kh1 Bd6 23. Qc4+ Rf7 24. Re4 c5 25. Be3 Kg7 26. Rh4 e5 27. g3
Qc6+ 28. Kg1 Rh8 29. Bh6+ Kf6 30. Bg5+ Kg7 31. Bh6+ Kg8 32. Rd1 Be7 33. Re4 g5
34. Bxg5 Bxg5 35. Rxe5 Bf6 36. Rxc5 Qf3 37. Rc8+ Kg7 38. Rxh8 Kxh8 39. Qxf7
Qxd1+ 40. Kg2 Qd8 41. c4 Bd4 42. f4 a6 43. Qb7 Qf6 44. Qc8+ Kg7 45. Qd7+ Kg6 46.
Qg4+ Kf7 47. Qd7+ Kg6 1/2-1/2

[Event "AUTO-INT-1829"]
[Site "http://www.queenalice.com/game.php?id=917434"]
[Date "2011.3.25"]
[Round "2"]
[White "irule"]
[Black "RJGF"]
[Result "1-0"]
[WhiteElo "2103"]
[BlackElo "1759"]

1. e4 e6 2. d4 f5 3. exf5 Nf6 4. fxe6 Bd6 5. exd7+ Bxd7 6. Bc4 b5 7. Qf3 Bc6 8.
Bxb5 Qd7 9. Bxc6 Qxc6 10. Qxc6+ Nxc6 11. Nf3 O-O 12. O-O Rad8 13. Nc3 Rfe8 14.
a3 Re4 15. Nxe4 Nxe4 16. Be3 Na5 17. b3 Nc3 18. Rfe1 Nc6 19. Bd2 Nd5 20. g3 Nf6
21. c4 Kf7 22. c5 Bf8 23. Bc3 h6 24. Ne5+ Nxe5 25. Rxe5 Nd5 26. Bb2 g5 27. Rae1
Nf6 28. Rf5 Be7 29. Ree5 Rb8 30. b4 Re8 31. d5 Kg6 32. h3 Bd8 33. Rxf6+ Bxf6 34.
Rxe8 Bxb2 35. a4 Ba3 36. Re4 Kf5 37. f3 Bb2 38. g4+ Kf6 39. b5 Be5 40. a5 c6 41.
bxc6 a6 42. d6 1-0

[Event "Challenge"]
[Site "http://www.queenalice.com/game.php?id=920014"]
[Date "2011.3.31"]
[Round "-"]
[White "ORNELAS"]
[Black "irule"]
[Result "0-1"]
[WhiteElo "1652"]
[BlackElo "2073"]

1. e4 c5 2. e5 Nc6 3. Nf3 Qc7 4. c3 Nxe5 5. Be2 Nxf3+ 6. Bxf3 e6 7. O-O d5 8. d3
Bd6 9. Be3 Bxh2+ 10. Kh1 Bd6 11. Nd2 Nf6 12. Bg5 Be7 13. a3 h6 14. Bh4 g5 15.
Bg3 Bd6 16. Bxd6 Qxd6 17. d4 cxd4 18. cxd4 h5 19. g3 g4 20. Bg2 h4 21. Kg1 Bd7
22. gxh4 Rxh4 23. f3 Qh2+ 24. Kf2 g3+ 25. Ke3 Qxg2 26. Kd3 Bb5+ 27. Kc3 Rc8+ 28.
Kb3 Bxf1 29. Nxf1 Rh1 30. Qd3 a6 31. Ne3 Qxf3 32. Rxh1 Qxh1 33. Ka2 g2 34. Nxg2
Qxg2 35. Qb3 b5 36. Qb4 Rc2 37. a4 Ne4 38. axb5 Nc3+ 39. Ka3 Nxb5+ 40. Ka2 Rc3
41. Ka1 Qf1+ 42. Ka2 Qc4+ 43. Qxc4 Rxc4 44. Kb3 Nxd4+ 45. Ka2 f5 46. Ka3 f4 47.
Ka2 f3 48. Ka3 f2 49. b3 Rc2 50. b4 f1=Q 0-1

[Event "Challenge"]
[Site "http://www.queenalice.com/game.php?id=922559"]
[Date "2011.4.6"]
[Round "-"]
[White "adelio"]
[Black "irule"]
[Result "0-1"]
[WhiteElo "1676"]
[BlackElo "2071"]

1. g3 Nf6 2. b3 g6 3. c3 d5 4. d3 Bg7 5. e3 c5 6. a3 Nc6 7. Ra2 e5 8. Re2 e4 9.
h3 Ne5 10. Rd2 d4 11. exd4 cxd4 12. Re2 dxc3 13. Rxe4 Nxe4 14. dxe4 Qxd1+ 15.
Kxd1 Nc6 16. Ne2 Be6 17. Kc2 Nd4+ 18. Nxd4 Bxd4 19. Bb5+ Ke7 20. f3 Rac8 21. Rd1
Rhd8 22. g4 a6 23. Bf1 b5 24. h4 Bxb3+ 25. Kxb3 c2 26. Bg5+ f6 27. Bxf6+ Kxf6
28. g5+ Ke5 29. f4+ Kxf4 30. Rc1 cxb1=Q+ 31. Rxb1 Rc3+ 32. Ka2 Rdc8 33. a4 Rc2+
34. Kb3 bxa4+ 35. Kxa4 R8c6 36. Bd3 R2c3 37. Rf1+ Ke3 38. Bxa6 Rxa6+ 39. Kb5 Ra8
40. Re1+ Kd2 41. Kb4 Rb8+ 42. Ka4 Rc7 43. Rd1+ Kxd1 44. e5 Ra7# 0-1

[Event "Challenge"]
[Site "http://www.queenalice.com/game.php?id=931590"]
[Date "2011.4.28"]
[Round "-"]
[White "irule"]
[Black "eddval"]
[Result "0-1"]
[WhiteElo "2105"]
[BlackElo "2120"]

1. d4 Nf6 2. c4 e5 3. dxe5 Ng4 4. Bf4 Nc6 5. h3 Bb4+ 6. Nc3 Bxc3+ 7. bxc3 Ngxe5
8. e4 Qe7 9. Nf3 d6 10. Be2 O-O 11. O-O Be6 12. Nd2 f5 13. exf5 Rxf5 14. Be3 Na5
15. Qa4 b6 16. f4 Bd7 17. Qc2 Ng6 18. Bd3 Qxe3+ 19. Kh2 Rh5 20. Bxg6 Rxh3+ 21.
gxh3 Qxh3+ 22. Kg1 Qg3+ 23. Kh1 hxg6 24. Rf3 Bc6 25. Rf1 Kf7 26. Ne4 Rh8+ 0-1

[Event "Challenge"]
[Site "http://www.queenalice.com/game.php?id=935009"]
[Date "2011.5.7"]
[Round "-"]
[White "irule"]
[Black "eddval"]
[Result "0-1"]
[WhiteElo "2091"]
[BlackElo "2116"]

1. c4 c5 2. Nc3 Nc6 3. g3 g6 4. Bg2 Bg7 5. e4 e6 6. Nge2 Nge7 7. d3 d5 8. cxd5
exd5 9. exd5 Nb4 10. O-O Nbxd5 11. Nxd5 Nxd5 12. Qa4+ Bd7 13. Qe4+ Be6 14. Nf4
Nxf4 15. Bxf4 O-O 16. Rfb1 Bf5 17. Qxb7 Bxd3 18. Rd1 c4 19. Qxa8 Qxa8 20. Bxa8
Bxb2 21. Bd5 Bxa1 22. Rxa1 Rd8 23. Bf3 c3 24. Rc1 c2 25. Be3 Rb8 26. Bxa7 Rb5
27. Be3 Ra5 28. Ra1 Rb5 29. Re1 Ra5 30. Bd4 f5 0-1

[Event "Sinergia"]
[Site "http://www.queenalice.com/game.php?id=945049"]
[Date "2011.6.1"]
[Round "1"]
[White "irule"]
[Black "sergiogvh"]
[Result "0-1"]
[WhiteElo "2052"]
[BlackElo "2256"]

1. d4 Nf6 2. c4 e5 3. dxe5 Ng4 4. Bf4 Nc6 5. Nf3 Bb4+ 6. Nbd2 Qe7 7. e3 Ngxe5 8.
Be2 d6 9. h3 O-O 10. O-O Ng6 11. Bg3 f5 12. Bd3 f4 13. exf4 Nxf4 14. Bh4 Qd7 15.
Bb1 Nxg2 16. Ng5 Bxd2 17. Bxh7+ Kh8 18. Kxg2 Bxg5 19. Rh1 Qf7 20. Bxg5 Qxf2# 0-1

[Event "Challenge"]
[Site "http://www.queenalice.com/game.php?id=955043"]
[Date "2011.6.29"]
[Round "-"]
[White "irule"]
[Black "eddval"]
[Result "0-1"]
[WhiteElo "2066"]
[BlackElo "2124"]

1. e4 e5 2. f4 Bc5 3. Nf3 d6 4. c3 Bg4 5. fxe5 Bxf3 6. Qxf3 dxe5 7. Bc4 Nf6 8.
d3 Nc6 9. Nd2 Qd7 10. Nb3 Bb6 11. Bg5 Ng4 12. Bxf7+ Qxf7 13. Qxg4 Qf2+ 14. Kd1
O-O 15. Rb1 Be3 0-1